Niederrheinpokalsieger - Statistiken

Allgemein
  • Dieses Quiz wurde 48 mal gespielt
  • Das Durchschnittsergebnis liegt bei 28 aus 39
Antwortstatistiken
Jahr Sieger % Korrekt
1996 Rot-Weiß Oberhausen
95%
1998 Rot-Weiß Oberhausen
95%
2018 Rot-Weiß Oberhausen
95%
1989 MSV Duisburg
92%
2014 MSV Duisburg
92%
2017 MSV Duisburg
92%
1995 Rot-Weiss Essen
86%
2002 Rot-Weiss Essen
86%
2004 Rot-Weiss Essen
86%
2008 Rot-Weiss Essen
86%
2011 Rot-Weiss Essen
86%
2012 Rot-Weiss Essen
86%
2015 Rot-Weiss Essen
86%
2016 Rot-Weiss Essen
86%
2020 Rot-Weiss Essen
86%
2023 Rot-Weiss Essen
86%
2024 Rot-Weiss Essen
86%
1981 Wuppertaler SV
84%
1985 Wuppertaler SV
84%
1999 Wuppertaler SV
84%
2000 Wuppertaler SV
84%
2005 Wuppertaler SV
84%
2007 Wuppertaler SV
84%
2021 Wuppertaler SV
84%
1982 Bayer 05 Uerdingen Amateure
78%
2001 KFC Uerdingen 05
78%
2019 KFC Uerdingen 05
78%
2022 SV Straelen
59%
1987 Schwarz-Weiß Essen
54%
2010 Schwarz-Weiß Essen
54%
1997 Borussia Mönchengladbach Amateure
49%
1983 1.FC Bocholt
46%
2003 SSVg Velbert
35%
2006 SSVg Velbert
35%
1991 FC Remscheid
22%
1994 FC Remscheid
22%
1986 SV Viktoria Goch
22%
2013 Sportfreunde Baumberg
16%
2009 VfB Speldorf
8%
Keine übereinstimmenden Quizze gefunden
Verteilung der Resultate
Anzahl Personen mit jedem Resultat
Perzentil nach korrekt beantworteten Fragen
Ihre Resultats-Entwicklung
Sie haben dieses Quiz noch nicht gespielt